| 000 | 00572nam a2200181 u 4500 | ||
|---|---|---|---|
| 001 | 000564954 | ||
| 003 | AM-YeHGA | ||
| 005 | 20250617140526.0 | ||
| 008 | 080129s1974 ||| r 000 0 rus d | ||
| 040 | _aAM-YeHGA | ||
| 041 | 1 | _arus | |
| 100 | 1 | _aЛукин, Аркадий Васильевич | |
| 245 | 1 | 0 |
_aВолшебный мост : _bСтихи и поэмы / _cАркадий Лукин. |
| 260 |
_aЧебоксары : _bЧуваш. кн. изд-во, _c1974. |
||
| 300 |
_a55 с. : _bил. |
||
| 653 | 0 | _aЧувашская поэзия | |
| 090 | _c223088 | ||
| 999 |
_c221555 _d221555 |
||